El naufragio de la patronal de Madrid : (Record no. 196084)

MARC details
000 -LEADER
campo de control de longitud fija 01446nam a2200373 i 4500
001 - NÚMERO DE CONTROL
campo de control 196084
003 - IDENTIFICADOR DE NÚMERO DE CONTROL
campo de control ES-MaACL
005 - FECHA Y HORA DE LA ÚLTIMA TRANSACCIÓN
campo de control 20250902061955.0
008 - DATOS DE LONGITUD FIJA--INFORMACIÓN GENERAL
campo de control de longitud fija 240811s2015 sp a | |||| 000 0 spa
015 ## - NÚMERO DE BIBLIOGRAFÍA NACIONAL
Número de bibliografía nacional MON15
017 ## - NÚMERO DE COPYRIGHT O DE DEPÓSITO LEGAL
Número de copyright o de depósito legal M 1423-2015
Agencia que asigna Oficina Depósito Legal Madrid
020 ## - NÚMERO INTERNACIONAL ESTÁNDAR DEL LIBRO
Número Internacional Estándar del Libro 9788479607326
035 ## - NÚMERO DE CONTROL DEL SISTEMA
Número de control de sistema (OCoLC)907059040
035 ## - NÚMERO DE CONTROL DEL SISTEMA
Número de control de sistema (SpMaBN)a5628885
035 ## - NÚMERO DE CONTROL DEL SISTEMA
Número de control de sistema 991050710459708606
040 ## - FUENTE DE CATALOGACIÓN
Centro catalogador/agencia de origen SpMaBN
Lengua de catalogación spa
Centro/agencia transcriptor SpMaBN
Normas de descripción rdc
080 ## - NÚMERO DE LA CLASIFICACIÓN DECIMAL UNIVERSAL
Número de la Clasificación Decimal Universal 334.752(460.27)"19/20"
100 1# - ENTRADA PRINCIPAL--NOMBRE DE PERSONA
Nombre de persona Martínez Piqueras, Enrique
Término indicativo de función/relación Autor
9 (RLIN) 238103
245 13 - MENCIÓN DEL TÍTULO
Título El naufragio de la patronal de Madrid :
Resto del título memoria crítica e ilustrada de un fracaso (1989-2014) /
Mención de responsabilidad, etc. Enrique Martínez Piqueras
260 ## - PUBLICACIÓN, DISTRIBUCIÓN, ETC.
Lugar de publicación, distribución, etc. Madrid :
Nombre del editor, distribuidor, etc. Ediciones de la Torre,
Fecha de publicación, distribución, etc. 2015
300 ## - DESCRIPCIÓN FÍSICA
Extensión 286 páginas :
Otras características físicas [32] páginas de láminas (blanco y negro y color) ;
Dimensiones 24 cm
336 ## - TIPO DE CONTENIDO
Término de tipo de contenido Texto (visual)
Fuente isbdcontent
337 ## - TIPO DE MEDIO
Nombre/término del tipo de medio sin mediación
Fuente isbdmedia
338 ## - TIPO DE SOPORTE
Fuente rdacarrier
Nombre/término del tipo de soporte volumen
490 1# - MENCIÓN DE SERIE
Mención de serie Biblioteca de nuestro mundo. Cronos ;
Designación de volumen o secuencia 27
500 ## - NOTA GENERAL
Nota general En lomo: 610
650 #7 - PUNTO DE ACCESO ADICIONAL DE MATERIA--TÉRMINO DE MATERIA
Término de materia o nombre geográfico como elemento de entrada Empresas conjuntas-
Subdivisión geográfica Madrid (Comunidad Autónoma)
Fuente del encabezamiento o término embne
9 (RLIN) 238104
830 #0 - PUNTO DE ACCESO ADICIONAL DE SERIE-TÍTULO UNIFORME
Título uniforme Biblioteca de nuestro mundo. Cronos ;
Designación de volumen o secuencia 27
9 (RLIN) 222895
852 ## - LOCALIZACIÓN
Ubicación ES-MaACL
Sublocalización o colección R.152504
Ubicación en estantería Depósito J
Donativo/Legado Donación Ediciones de la Torre
Número de control de estantería N-9211
itemnumber 205161
942 ## - ELEMENTOS DE ENTRADA SECUNDARIOS (KOHA)
Tipo de ítem Koha Libro impreso
Suprimir en OPAC No
Holdings
Estatus retirado Estado de pérdida Fuente del sistema de clasificación o colocación Estado de daño No para préstamo Biblioteca de origen Biblioteca actual Ubicación en estantería Fecha de adquisición Fuente de adquisición Total de préstamos Signatura topográfica completa Código de barras Visto por última vez Tipo de ítem Koha
    Clasificación decimal universal     Biblioteca del Ateneo de Madrid Biblioteca del Ateneo de Madrid Depósito J 30/04/2025 Donación   N-9211 101229951 30/04/2025 Libro impreso